Deutsche Landkreise mit dem größten gemeindefreien Gebiet - Statistiken

Allgemein
  • Dieses Quiz wurde 36 mal gespielt
  • Das Durchschnittsergebnis liegt bei 6 aus 20
Antwortstatistiken
# Fläche in km² Landkreis % Korrekt
NI 267.37 Göttingen
55%
NI 371.76 Goslar
52%
HE 184.16 Kassel
42%
NI 177.49 Northeim
42%
BY 83.46 Garmisch-Partenkirchen
35%
NI 177.99 Heidekreis
35%
NI 117.26 Holzminden
35%
BY 79.49 Rhön-Grabfeld
32%
BY 86.84 Traunstein
32%
BY 130.24 Nürnberger Land
29%
BY 122.75 Bad Kissingen
26%
BY 138.03 Bayreuth
26%
BY 167.33 Main-Spessart
26%
BY 156.32 Freyung-Grafenau
23%
NI 102.75 Lüchow-Dannenberg
23%
HE 89.30 Main-Kinzig-Kreis
23%
BY 108.91 Wunsiedel im Fichtelgebirge
23%
BY 197.56 Aschaffenburg
19%
BY 102.72 Erlangen-Höchstadt
19%
BY 90.85 Bamberg
16%
Keine übereinstimmenden Quizze gefunden
Verteilung der Resultate
Anzahl Personen mit jedem Resultat
Perzentil nach korrekt beantworteten Fragen
Ihre Resultats-Entwicklung
Sie haben dieses Quiz noch nicht gespielt